Datum a čas kvízu
35
Celkem bodů
Celkový počet nahraných bodů na tomto kvízu bez doplňovacích otázek.
1.
Pořadí na kvízu
Konečné umístění týmu na tomto kvízu.
Zaznamenané odpovědi
| # | Otázka | Odpověď | Body | Výsledky |
|---|---|---|---|---|
| 1. | Pražští zastupitelé schválili... | luskoun | 1 | |
| 2. | Jediná letadlová loď ruského n... | Kuzněcov | 1 | |
| 3. | Nejvíce nominací na Zlaté glób... | Scarlett Johanssonová, Adam Driver | 0.5 | |
| 4. | Skupina Kofola ve středu oznám... | Korunní, Ondrášovka | 0 | |
| 5. | Síň slávy českého hokeje rozší... | Milan Hejduk, Jiří Šlégr | 1 | |
| 6. | Plzeňské Odumřelé buňky se v l... | vchod | 1 | |
| 7. | "Šaty s ___ ___ vyšívané, ale... | vlečkou stříbrem | 1 | |
| 8. | Ty knedlíky připomínají vajíčk... | karety obrovské | 1 | |
| 9. | „Prase počká. Ty jsi přednější... | Pandrholo | 1 | |
| 10. | "Žvejka to je hrozný hnus, žve... | Willy Wonka | 1 |